Guess The American Brands! #18 - Statistics

General Stats
  • This quiz has been taken 22 times
  • The average score is 15 of 24
Answer Stats
Picture Hint Answer % Correct
Magazine Forbes
90%
Food Kraft
90%
TV Show The Simpsons
90%
Movie The Godfather
86%
University Yale
86%
Food Ben & Jerry's
76%
Restaraunt Five Guys
76%
Food Golden Grahams
76%
Movie Finding Nemo
71%
TV Channel PBS
71%
Food Uncle Bens
71%
Food Ferrero Rocher
62%
Restaraunt Jersey Mikes
62%
Cosmetics Estee Lauder
57%
Electronics JBL
52%
Movie Monster's University
52%
Bank TD Bank
48%
Electronics Fender
43%
Electronics USB
43%
App Vimeo
43%
Music Ramones
38%
University University Of California
38%
App Picasa
24%
Electronics Verbatim
24%
No matching quizzes found
Score Distribution
Percent of People with Each Score
Percentile by Number Answered
Your Score History
You have not taken this quiz